[Event "Challenge"]
[Site "http://www.queenalice.com/game.php?id=761059"]
[Date "2010.4.14"]
[Round "-"]
[White "rafassj4"]
[Black "drgnchck"]
[Result "0-1"]
[WhiteElo "891"]
[BlackElo "1202"]

1. d4 Nc6 2. e3 e5 3. c3 d5 4. Nf3 Nf6 5. Nxe5 Nxe5 6. Qc2 Bd6 7. Qa4+ c6 8. e4
dxe4 9. dxe5 Bxe5 10. Qxe4 Nxe4 11. h4 O-O 0-1

[Event "Challenge"]
[Site "http://www.queenalice.com/game.php?id=766591"]
[Date "2010.4.26"]
[Round "-"]
[White "drgnchck"]
[Black "Chrisader"]
[Result "1-0"]
[WhiteElo "1106"]
[BlackElo "1485"]

1. e4 e5 2. Nf3 Nc6 3. Bc4 h6 4. c3 Nf6 5. d3 g5 6. Bb5 Bc5 7. O-O d6 8. Bxc6+
bxc6 9. d4 Ba6 10. c4 exd4 11. Nbd2 O-O 12. Nb3 Bxc4 13. Re1 Bb4 14. Bd2 Rb8 15.
Nbxd4 Qd7 16. Nf5 c5 17. Nxh6+ Kg7 18. Bxg5 Bxe1 19. Qxe1 Rh8 20. Qc3 1-0

[Event "Challenge"]
[Site "http://www.queenalice.com/game.php?id=774179"]
[Date "2010.5.11"]
[Round "-"]
[White "drgnchck"]
[Black "Crhis"]
[Result "1-0"]
[WhiteElo "1184"]
[BlackElo "1121"]

1. e4 Nf6 2. Nc3 e5 3. Nf3 d6 4. d4 exd4 5. Nxd4 Be7 6. Bb5+ c6 7. Bc4 Bd7 8.
O-O d5 9. exd5 cxd5 10. Nxd5 Be6 11. Bf4 Nxd5 12. Nxe6 fxe6 13. Qh5+ g6 14. Qe5
Nc6 15. Qxh8+ Bf8 16. Rae1 Nxf4 17. Re4 Kd7 18. Rd1+ Kc7 19. Rxd8 Rxd8 20. Bd3
Re8 21. Rxf4 Be7 22. Qxe8 Kd6 23. Rd4+ Kc5 24. Ra4 Kd6 25. Rb4 Nxb4 26. Qb5 Kc7
27. Qe5+ Kd7 28. Bb5+ Kd8 29. Qxe6 Nc6 30. f4 a6 31. Bc4 Ke8 32. Qc8+ Bd8 33.
Bd5 Ke7 34. Bg8 Kd6 35. Qxb7 Kc5 36. b4+ Kd4 37. Qxc6 Ke3 38. Qc3+ Ke4 39. g3 g5
40. Qd3# 1-0

[Event "Challenge"]
[Site "http://www.queenalice.com/game.php?id=774180"]
[Date "2010.5.11"]
[Round "-"]
[White "Crhis"]
[Black "drgnchck"]
[Result "0-1"]
[WhiteElo "1132"]
[BlackElo "1143"]

1. e4 e5 2. Nf3 Nf6 3. d3 Nc6 4. Be3 Bb4+ 5. c3 Ba5 6. Qd2 d5 7. exd5 Nxd5 8. b4
Bb6 9. Bxb6 axb6 10. d4 f6 11. Na3 O-O 12. dxe5 fxe5 13. h4 Rxa3 14. Rc1 Rxa2
15. Qxa2 g5 16. hxg5 Re8 17. Be2 Bg4 18. Rd1 Re6 19. Qd2 Ncxb4 20. cxb4 Rd6 21.
Rh4 Bf5 22. Nxe5 Qe8 23. Qd4 Bc2 24. Rc1 Rc6 25. Qd2 Qxe5 26. Rxc2 Qa1+ 27. Rc1
Rxc1+ 28. Qxc1 Qxc1+ 29. Bd1 Nc3 30. Rc4 Qxd1# 0-1

[Event "Challenge"]
[Site "http://www.queenalice.com/game.php?id=786063"]
[Date "2010.6.5"]
[Round "-"]
[White "strontcan"]
[Black "drgnchck"]
[Result "1-0"]
[WhiteElo "1678"]
[BlackElo "1143"]

1. d4 d5 2. c4 Be6 3. e3 dxc4 4. Nf3 Nf6 5. Nc3 Nd5 6. e4 Nf4 7. Bxf4 Nc6 8.
Bxc4 Bxc4 9. Qa4 Qd7 10. Qxc4 e5 11. Nxe5 f6 12. Nxc6 bxc6 13. O-O Qg4 14. Qxc6+
Qd7 15. Qxa8+ Kf7 16. Qd5+ Qxd5 17. Nxd5 Bb4 18. Nxb4 1-0

[Event "Challenge"]
[Site "http://www.queenalice.com/game.php?id=786064"]
[Date "2010.6.5"]
[Round "-"]
[White "drgnchck"]
[Black "strontcan"]
[Result "0-1"]
[WhiteElo "1143"]
[BlackElo "1680"]

1. e4 c6 2. Nf3 d5 3. d4 dxe4 4. Ne5 Nd7 5. Bf4 Ngf6 6. Bc4 e6 7. Nc3 Nxe5 8.
Bxe5 Be7 9. O-O O-O 10. b3 Bd7 11. a4 Nd5 12. Qd2 Bg5 13. f4 exf3 14. Qf2 fxg2
15. Qxg2 Ne3 16. Qg3 Nxf1 17. Rxf1 f6 18. Ne4 fxe5 19. Re1 Bf4 20. Qc3 Qh4 21.
Nf2 Qxh2+ 22. Kf1 Bg3 23. Qd2 Rxf2+ 24. Qxf2 Qxf2# 0-1

[Event "Challenge"]
[Site "http://www.queenalice.com/game.php?id=801999"]
[Date "2010.7.11"]
[Round "-"]
[White "drgnchck"]
[Black "jadetiger7"]
[Result "0-1"]
[WhiteElo "1186"]
[BlackElo "1708"]

1. d4 d5 2. Nc3 Nf6 3. e4 Nxe4 4. Nxd5 Qxd5 5. f3 Nf2 6. Kxf2 Nc6 7. Bd3 Qxd4+
8. Ke1 e5 9. Ne2 Qb6 10. Be4 Bd7 11. Qd5 O-O-O 12. Bg5 Be6 13. Qd3 Rd6 14. Qc3
Be7 15. Bxe7 Nxe7 16. Qxe5 Rhd8 17. Nf4 Qe3+ 18. Ne2 Bc4 19. Qa5 Qxe2# 0-1

[Event "Challenge"]
[Site "http://www.queenalice.com/game.php?id=802000"]
[Date "2010.7.11"]
[Round "-"]
[White "jadetiger7"]
[Black "drgnchck"]
[Result "1-0"]
[WhiteElo "1715"]
[BlackElo "1221"]

1. e4 e5 2. Nf3 Nf6 3. Nxe5 d6 4. Nc4 Nxe4 5. d3 Nc5 6. Nc3 d5 7. Qe2+ Be7 8.
Ne5 O-O 9. Qe3 Qd6 10. b3 Nc6 11. Nxc6 bxc6 12. Be2 Ba6 13. O-O Bf6 14. Bb2 Rae8
15. Qh3 d4 16. Ne4 Nxe4 17. c4 Nd2 18. Rfe1 Re5 19. Bf3 Nxf3+ 20. Qxf3 Qb4 21.
Re4 Qd2 22. Bxd4 Rg5 23. Bxf6 Qb2 24. Bxb2 f5 25. Re7 h5 26. h4 Rg6 27. Qxh5 Rf7
28. Re8+ Rf8 29. Qxg6 1-0

[Event "Challenge"]
[Site "http://www.queenalice.com/game.php?id=806491"]
[Date "2010.7.21"]
[Round "-"]
[White "strontcan"]
[Black "drgnchck"]
[Result "1-0"]
[WhiteElo "1700"]
[BlackElo "1170"]

1. d4 Nc6 2. Nf3 e5 3. e4 Nf6 4. Nc3 d5 5. exd5 Nxd4 6. Nxd4 exd4 7. Ne2 c6 8.
Nxd4 cxd5 9. Bb5+ Nd7 10. O-O a6 11. Ba4 Bc5 12. Re1+ Kf8 13. Be3 Bb4 14. c3 Bc5
15. Qf3 Ne5 16. Qe2 b5 17. Bb3 g6 18. Rad1 f5 19. Nxf5 gxf5 20. Rxd5 Qxd5 21.
Bxd5 Bd6 22. Bh6+ Ke8 23. Bxa8 Be6 24. f4 Ng6 25. Qxe6+ Be7 26. Bc6+ 1-0

[Event "matheus"]
[Site "http://www.queenalice.com/game.php?id=808282"]
[Date "2010.7.25"]
[Round "-"]
[White "drgnchck"]
[Black "mat_ktx"]
[Result "1-0"]
[WhiteElo "1159"]
[BlackElo "1023"]

1. e4 Nf6 2. Nc3 g6 3. Nf3 Nc6 4. d4 d6 5. d5 Nb8 6. Bb5+ Bd7 7. O-O Bxb5 8.
Nxb5 Nxe4 9. Qe1 f5 10. Be3 a6 11. Nbd4 c6 12. c4 cxd5 13. cxd5 Nd7 14. Rc1 Rc8
15. Ng5 Ne5 16. Nge6 Qd7 17. Qa5 Rxc1 18. Rxc1 Kf7 19. Nc5 Qb5 20. Nxb5 axb5 21.
Ne6 Nd7 22. Qxb5 Ndc5 23. Bd4 Nxe6 24. Bxh8 Nf4 25. Rc8 g5 26. Qe8+ 1-0

[Event "Challenge"]
[Site "http://www.queenalice.com/game.php?id=808708"]
[Date "2010.7.25"]
[Round "-"]
[White "drgnchck"]
[Black "strontcan"]
[Result "0-1"]
[WhiteElo "1223"]
[BlackElo "1699"]

1. e4 c5 2. f3 d5 3. Nc3 e6 4. d3 dxe4 5. fxe4 Nf6 6. Nf3 Nc6 7. e5 Nd5 8. d4
cxd4 9. Bc4 dxc3 10. bxc3 Be7 11. O-O O-O 12. Bf4 Nb6 13. Qe1 Nxc4 14. Rd1 Qb6+
15. Kh1 Rd8 16. Qe4 h6 17. Qxc4 Bd7 18. Nd4 Nxd4 19. cxd4 Rac8 20. Qd3 Bb5 21.
c4 Bxc4 22. Qe4 Bxf1 23. Rxf1 Rxd4 24. Qf3 Rcc4 25. g4 Qc6 26. Qxc6 Rxc6 27. Be3
Rdc4 28. Rd1 Bc5 29. Rd8+ Kh7 30. Bf4 Rxf4 0-1

[Event "Challenge"]
[Site "http://www.queenalice.com/game.php?id=811141"]
[Date "2010.7.31"]
[Round "-"]
[White "Mulder"]
[Black "drgnchck"]
[Result "1-0"]
[WhiteElo "1418"]
[BlackElo "1223"]

1. e4 e5 2. Nf3 Nf6 3. Nc3 Nc6 4. Bc4 d5 5. exd5 Nb4 6. Nxe5 Nxa2 7. Bxa2 Bd6 8.
f4 c6 9. d4 cxd5 10. O-O Ng4 11. Nxg4 O-O 12. Bxd5 Qe8 13. Re1 Qd8 14. Ne4 Bf5
15. b3 Qh4 16. g3 Qh3 17. Nxd6 Bxg4 18. Bg2 Qh5 19. Qd2 Rad8 20. Ba3 Bd7 21. Qc3
1-0

[Event "Challenge"]
[Site "http://www.queenalice.com/game.php?id=811142"]
[Date "2010.7.31"]
[Round "-"]
[White "drgnchck"]
[Black "Mulder"]
[Result "1-0"]
[WhiteElo "1197"]
[BlackElo "1459"]

1. e4 e5 2. Nf3 Nc6 3. Nc3 Nf6 4. d4 d5 5. Bb5 a6 6. Bxc6+ bxc6 7. Nxe5 Qd6 8.
Bf4 dxe4 9. f3 Nd5 10. Nxd5 cxd5 11. O-O f6 12. Nc4 Qxf4 13. g3 Qh6 14. Re1 dxc4
15. Rxe4+ Be7 16. Qe1 O-O 17. Rxe7 Bf5 18. Qb4 Rab8 19. Qxc4+ Kh8 20. Qxc7 Rbc8
21. Qd6 g6 22. Rae1 Rfd8 23. Qxa6 Rxd4 24. Qxc8+ Bxc8 25. Re8+ Kg7 26. R1e7# 1-0

[Event "Challenge"]
[Site "http://www.queenalice.com/game.php?id=825415"]
[Date "2010.8.30"]
[Round "-"]
[White "NeeneNY"]
[Black "drgnchck"]
[Result "1-0"]
[WhiteElo "1246"]
[BlackElo "1211"]

1. d4 Nc6 2. e3 e5 3. Nf3 Nf6 4. Bc4 d5 5. Nc3 Bb4 6. O-O O-O 7. a3 Ba5 8. dxe5
a6 9. exf6 gxf6 10. Bxd5 Bf5 11. Nh4 Bd7 12. Qh5 Bg4 13. Qxg4+ 1-0